[Event "CHN-chB"]
[Site "Hangzhou"]
[Date "2019.07.06"]
[Round "10"]
[White "Wang, Xinyuan"]
[Black "Xiao, Jiewen"]
[Result "1/2-1/2"]
[WhiteElo "2060"]
[BlackElo "1761"]
[PlyCount "71"]
[EventDate "2019.07.02"]
[EventType "swiss"]
[EventRounds "11"]
[EventCountry "CHN"]
[SourceTitle "CBM 191 Extra"]
[Source "ChessBase"]
[SourceDate "2019.09.30"]
[SourceVersion "1"]
[SourceVersionDate "2019.09.30"]
[SourceQuality "1"]

1. Nf3 Nf6 2. c4 e6 3. b3 d5 4. Bb2 Be7 5. e3 b6 6. Be2 Bb7 7. cxd5 Bxd5 8. Nc3 Bb7 9. 0-0 0-0 10. d4 c5 11. Ne5 cxd4 12. exd4 Nbd7 13. Bf3 Nd5 14. Nxd5 exd5 15. Qd3 Nf6 16. Rfc1 Qd6 17. g3 Rfc8 18. Bg2 Ne4 19. f3 Nf6 20. Bh3 Rxc1+ 21. Rxc1 Qd8 22. Nc6 Bxc6 23. Rxc6 Bd6 24. Qe2 Qf8 25. Rc3 Re8 26. Re3 Rxe3 27. Qxe3 Qe7 28. Qxe7 Bxe7 29. Bc1 Bd6 30. Bg5 Kf8 31. Bxf6 gxf6 32. Bf5 h6 33. Kf2 Bb4 34. f4 Ke7 35. Ke3 Bc3 36. Bd3 1/2-1/2

[Event "CHN-chB"]
[Site "Hangzhou"]
[Date "2019.07.05"]
[Round "7"]
[White "Xiao, Jiewen"]
[Black "Sun, Yidi"]
[Result "1/2-1/2"]
[WhiteElo "1761"]
[BlackElo "2212"]
[PlyCount "70"]
[EventDate "2019.07.02"]
[EventType "swiss"]
[EventRounds "11"]
[EventCountry "CHN"]
[SourceTitle "CBM 191 Extra"]
[Source "ChessBase"]
[SourceDate "2019.09.30"]
[SourceVersion "1"]
[SourceVersionDate "2019.09.30"]
[SourceQuality "1"]

1. d4 Nf6 2. c4 e6 3. g3 d5 4. Bg2 Be7 5. Nf3 0-0 6. Nc3 dxc4 7. Ne5 Nc6 8. Bxc6 bxc6 9. Nxc6 Qe8 10. Nxe7+ Qxe7 11. Qa4 c5 12. dxc5 Qxc5 13. Be3 Qc7 14. f3 Bb7 15. Kf2 Nd5 16. Nxd5 exd5 17. Qb4 Rfe8 18. Qc5 Qxc5 19. Bxc5 a5 20. Bd4 a4 21. a3 Re6 22. g4 h6 23. Rhg1 Rae8 24. e3 Bc8 25. Rg3 Rd6 26. h4 g6 27. f4 f5 28. gxf5 Bxf5 29. h5 Kh7 30. Rag1 Ree6 31. Ke1 Rd7 32. Kf2 Be4 33. Rh3 gxh5 34. Rxh5 Rg6 35. Rxg6 Kxg6 1/2-1/2